Elevaciones del alma a Dios. sobre todos los misterios de la religión christiana, obra importatissima (Record no. 10911)

MARC details
000 -CABECERA
campo de control de longitud fija 01472nam a22002897a 4500
001 - NÚMERO DE CONTROL
campo de control BRCA_9291
003 - IDENTIFICADOR DEL NÚMERO DE CONTROL
campo de control FranzMayer
005 - FECHA Y HORA DE LA ÚLTIMA TRANSACCIÓN
campo de control 20230724123615.0
008 - DATOS DE LONGITUD FIJA--INFORMACIÓN GENERAL
campo de control de longitud fija 230724b |||||||| |||| 00| 0 eng d
040 ## - FUENTE DE LA CATALOGACIÓN
Centro catalogador/agencia de origen MFM
Lengua de catalogación esp
Centro/agencia transcriptor MFM
050 #4 - SIGNATURA TOPOGRÁFICA DE LA BIBLIOTECA DEL CONGRESO
Número de clasificación CO105
Número de documento/Ítem B67 1769
082 ## - NÚMERO DE LA CLASIFICACIÓN DECIMAL DEWEY
Número de edición BX1251
100 1# - ENTRADA PRINCIPAL--NOMBRE DE PERSONA
Código de función/relación Autor
Nombre de persona Bossuet, Jacobo Benigno
9 (RLIN) 28948
240 1# - TÍTULO UNIFORME
Título uniforme Elevaciones del alma a Dios, sobre todos los misterios de la religión christiana, obra importantissima
Lenguaje de la obra Español
245 ## - MENCIÓN DE TÍTULO
Título Elevaciones del alma a Dios. sobre todos los misterios de la religión christiana, obra importatissima
260 ## - PUBLICACIÓN, DISTRIBUCIÓN, ETC.
Lugar de publicación, distribución, etc. Madrid
Nombre del editor, distribuidor, etc. Andres Ortega
Fecha de publicación, distribución, etc. 1769
300 ## - DESCRIPCIÓN FÍSICA
Extensión 371 p
Dimensiones 21 cm
440 ## - MENCIÓN DE SERIE/PUNTO DE ACCESO ADICIONAL--TÍTULO
Título Elvaciones del alma a Dios, sobre todos los isterios de la relgión christiana. Obra importantissima
Número de parte o sección de la obra Tomo I
Nombre de parte o sección de la obra Vol. I
9 (RLIN) 28949
500 ## - NOTA GENERAL
Nota general El libro presenta daño por humedad
500 ## - NOTA GENERAL
Nota general En la portada y contraportada el libro contiene anotaciones y dibujos hechos con lápices.
500 ## - NOTA GENERAL
Nota general El libro presenta dos papeles pequeños y sueltos que se encuentran protegidos por una guarda de plástico transparente.
505 0# - NOTA DE CONTENIDO CON FORMATO
Nota de contenido con formato Texto en: españolTraducido del: francésDirigido a: Obispos, pastores, monaguillos, o cualquier persona perteneciente a la iglesia cristiana.
650 1# - PUNTO DE ACCESO ADICIONAL DE MATERIA--TÉRMINO DE MATERIA
Fuente del encabezamiento o término Religión cristiana
Término de materia o nombre geográfico como elemento de entrada Iglesias
Subdivisión de forma Liturgias y rituales
9 (RLIN) 28950
651 2# - PUNTO DE ACCESO ADICIONAL DE MATERIA--NOMBRE GEOGRÁFICO
Fuente del encabezamiento o término Biblia cristiana
Nombre geográfico Libros devocionales
Subdivisión de forma Oración
9 (RLIN) 28951
700 1# - PUNTO DE ACCESO ADICIONAL--NOMBRE DE PERSONA
Código de función/relación Trad.
Nombre de persona Joseph Hernandez, Don Miguel
9 (RLIN) 28952
942 ## - ELEMENTOS DE PUNTO DE ACCESO ADICIONAL (KOHA)
Fuente del sistema de clasificación o colocación Library of Congress Classification
Tipo de ítem Koha Libros
Holdings
Estado de retiro Estado de pérdida Fuente del sistema de clasificación o colocación Estado dañado No para préstamo Código de colección Localización permanente Ubicación/localización actual Fecha de adquisición Fuente de adquisición Total de préstamos Signatura topográfica completa Código de barras Fecha visto por última vez Precio válido a partir de Tipo de ítem Koha
El ejemplar forma parte de la colección y puede ser consultado según las políticas vigentes.   Library of Congress Classification     Conventual Franz Mayer Biblioteca del Museo Franz Mayer (Rogerio Casas-Alatriste) Biblioteca del Museo Franz Mayer (Rogerio Casas-Alatriste) 24/07/2023 Donación   CO105 B67 1769 CFM00527 24/07/2023 24/07/2023 Libros